| 000 | 00552nam a2200193 a 4500 | ||
|---|---|---|---|
| 005 | 20240806064026.0 | ||
| 008 | 991125s1973 es 000 0 spa u | ||
| 020 | _a8471746117 | ||
| 035 | _aUPN01000004309 | ||
| 049 | _aCG | ||
| 050 | 4 |
_aPS3505 A59 _bU538 |
|
| 100 | 1 |
_aCapote, Truman, _d1924-1984 _928651 |
|
| 245 | 1 | 3 |
_aUn árbol de noche / _cTruman Capote ; tr. Angela Pérez. |
| 260 |
_aBarcelona [Esp.] : _bArcos Vergara, _c1973. |
||
| 300 | _a221 p. | ||
| 440 | 0 |
_aLibros D B ; _v55 |
|
| 650 | 4 |
_aLiteratura estadounidense _95229 |
|
| 905 | _aLibro | ||
| 999 |
_c4309 _d4309 |
||